| 000 | 00330nam a2200133Ia 4500 | ||
|---|---|---|---|
| 008 | 200103s9999||||xx |||||||||||||| ||und|| | ||
| 040 | _aIMU-MPC | ||
| 082 | _aColumn-22 | ||
| 100 | _aKenney, J.F. and Keeping, E.S. | ||
| 245 | 0 | _aMathematics of statistics | |
| 260 |
_bD. Van Nostrand Company _c1963 |
||
| 300 | _a429 | ||
| 942 | _cBK | ||
| 999 |
_c6663 _d6663 |
||